| 000 | 00581nam a2200205Ia 4500 | ||
|---|---|---|---|
| 005 | 20260429112211.0 | ||
| 008 | 260429s9999||||xx |||||||||||||| ||und|| | ||
| 020 | _a9789387826366 | ||
| 041 | _aEnglish | ||
| 082 |
_a294.592 _bGUP |
||
| 100 | _aGupta, Rajeswar | ||
| 245 | 0 |
_aRig Veda : _ba history showing how the Phoenicians had their earliest home in India / _cRajeswar Gupta |
|
| 250 | _a1st ed. | ||
| 260 |
_aChennai : _bMaven Books, _c2023. |
||
| 300 | _a38 p.; pbk | ||
| 650 | _a Hindu scriptures | ||
| 650 | _a Vedic literature | ||
| 650 | _aRigveda | ||
| 942 | _cTB | ||
| 999 |
_c52859 _d52859 |
||